000 01051nam a2200301 a 4500
001 1975
003 BD-RjUL
005 20211208233444.0
008 150512r20082005nyua b 001 0 eng
020 _a0716743396
020 _a9781403948762 [2008]
035 _a(BD-RjUL)2002
040 _aDLC
_cDLC
_dDLC
_dBD-RjUL
_beng
041 _aeng
082 0 0 _a572
_222
_bLEL 2005-2008
100 1 _aLehninger, Albert L.
_9116676
245 1 0 _aLehninger principles of biochemistry /
_cDavid L. Nelson, Michael M. Cox.
246 3 0 _aPrinciples of biochemistry
250 _a4th ed.
260 _aNew York :
_bW.H. Freeman,
_cc2005.[ Reprinted 2008]
300 _a1119 p. :
_bill. (some col.) ;
_c29 cm.
504 _aIncludes bibliographical references and index.
650 0 _aBiochemistry.
_9116677
700 1 _aNelson, David L.http://103.79.117.113:8010/cgi-bin/koha/cataloguing/addbiblio.pl?biblionumber=2002#tab8XX
_q(David Lee),
_d1942-
_9235009
700 1 _aCox, Michael M. , jt auth.
_9235010
942 _2ddc
_cBK
999 _c1975
_d1975